000 00344nam a2200133Ia 4500
008 151001s9999||||xx |||||||||||||| ||und||
100 _aवसंत शिरवाडकर
245 _aमाणूस कसा झाला
250 _a1
260 _bपृथ्वी
260 _c1984
300 _a60
365 _b21
999 _c964477
_d964474